| 000 | 02063 a2200265 4500 | ||
|---|---|---|---|
| 003 | UA-OsUOA | ||
| 005 | 20260227092855.0 | ||
| 008 | 191023b -usab||| |||| 00| 0 eng d | ||
| 020 | _a9780578472454 | ||
| 040 |
_aUA-OsUOA _bukr _cUA-OsUOA _dUA-OsUOA |
||
| 041 | _aeng | ||
| 080 | _a94(477).152:91 | ||
| 090 |
_a94(477).152:91 _bW81 |
||
| 100 |
_aWolowyna O. _923306 |
||
| 245 |
_aAtlas of the Ukrainians in the United States. Demographic and Socio-economic Characteristics _cO. Wolowyna |
||
| 260 |
_aNew York _bShevchenko Scientific Society, Inc _c2019 |
||
| 300 | _a264 p. | ||
| 520 | _aIn more than 300 maps, The Atlas describes the history of immigration from Ukraine to the US, provides a comprehensive picture of the current demographic and socio-economic status of Ukrainians in the US, and quantifies their relative place within American society. Special attention is given to the impact of the most recent immigration from Ukraine, the so-called fourth wave. Besides demographic characteristics such as age, sex and internal migration, the Atlas covers topics like education, labor force, citizenship, knowledge of English, language spoken at home, income and poverty status, housing characteristics, and more. Indicators based on a large data base from different censuses are used to show the spatial distribution and characteristics of Ukrainians in maps for each State and 55 Metropolitan Areas. | ||
| 591 |
_aДержавне підприємство "Генеральна дирекція з обслуговування іноземних представництв" _bПавло Кривонос |
||
| 650 |
_a94(477).152 Українці в США, Канаді, Австралії _923076 |
||
| 650 |
_aГеографія. Географічні дослідження Землі та окремих країн. Подорожі. Регіональна географія _923307 |
||
| 942 |
_cBK _2udc |
||
| 955 | _a1 | ||
| 999 |
_c442591 _d442591 |
||